England invaded : a collection of fantasy fiction /

Bibliographic Details
Other Authors: Moorcock, Michael, 1939-
Format: Book
Language:English
Published: London : Allen, 1977.
Subjects:

MARC

Tag First Indicator Second Indicator Subfields
LEADER 00000cam a2200000 i 4500
001 in00000040546
005 20151007074457.0
008 780208s1977 enk 00001 eng
010 |a  78300443  
015 |a GB*** 
020 |a 0491021917 :  |c 4.95 
035 |a (OCoLC)03669192 
035 |9 AAF1580AM 
040 |a DLC  |c DLC  |d TXA  |d UtOrBLW 
049 |a TXAS  |c [1102849]   |c 2 [A08610953] 
050 0 0 |a PZ1  |b .E56  
245 0 0 |a England invaded :  |b a collection of fantasy fiction /  |c edited and introduced by Michael Moorcock. 
264 1 |a London :  |b Allen,  |c 1977. 
300 |a 245 pages ;  |c 23 cm. 
336 |a text  |b txt  |2 rdacontent 
337 |a unmediated  |b n  |2 rdamedia 
338 |a volume  |b nc  |2 rdacarrier 
505 0 |a Crutchley, T. The uses of advertisement.--Muddersnook, B. When the New Zealander comes.--Curtis, W. The monster of Lake Lametrie.--Smale, F. The abduction of Alexandra Seine.--Munro, J. Is the end of the world near ?--Munro, H. When William came. 
650 0 |a Science fiction, English. 
650 0 |a Fantasy fiction, English. 
700 1 |a Moorcock, Michael,  |d 1939- 
999 |a MARS 
999 f f |s 8aa44533-fecb-3ed6-baa1-75bb61b4a20b  |i 002edb03-6885-335f-8044-f8cd59cf277e  |t 0 
952 f f |p noncirc  |a Texas A&M University  |b College Station  |c Cushing Memorial Library & Archives  |d Cushing: Science Fiction (Does not check out)  |t 0  |e PZ1 .E56  |h Library of Congress classification  |i unmediated -- volume 
952 f f |p noncirc  |a Texas A&M University  |b College Station  |c Cushing Memorial Library & Archives  |d Cushing: Science Fiction (Does not check out)  |t 0  |e PZ1 .E56  |h Library of Congress classification  |i unmediated -- volume  |m A14800397967 
998 f f |a PZ1 .E56  |t 0  |l Cushing: Science Fiction (Does not check out) 
998 f f |a PZ1 .E56  |t 0  |l Cushing: Science Fiction (Does not check out)